[Event "TCh-RUS Premier 2023"]
[Site "Sochi RUS"]
[Date "2023.05.02"]
[Round "2.2"]
[Board "6"]
[White "Averin, Nikolay"]
[Black "Obgolts, Erik"]
[Result "1/2-1/2"]
[WhiteTitle "FM"]
[BlackTitle "FM"]
[WhiteElo "2293"]
[BlackElo "2455"]
[WhiteTeam "Shkola im. M.M. Botvinnika  (Moskva)"]
[BlackTeam "Sbornaya Novosibirskoy oblasti (Novosibir"]
[WhiteFideId "24250473"]
[BlackFideId "24199044"]
[EventDate "2023.05.01"]
[EventType "team"]

1. e4 e5 2. Nf3 Nc6 3. Bb5 a6 4. Ba4 Nf6 5. O-O b5 6. Bb3 Bc5 7. a4 Bb7 8. c3 d6
9. d4 Bb6 10. Re1 O-O 11. Bg5 h6 12. Bh4 exd4 13. cxd4 g5 14. Bg3 Re8 15. d5 Na5
16. Bc2 c6 17. dxc6 Bxc6 18. Nbd2 b4 19. Rc1 Bb7 20. Bb1 b3 21. Rc3 Nh5 22. Nxb3
Nxg3 23. hxg3 Qf6 24. Re2 Rac8 25. Rxc8 Bxc8 26. Nxa5 Bxa5 27. Qd5 Bb4 28. Qc6
Qe6 29. Nd4 Qe5 30. Nf3 Qe6 31. Nd4 Qe5 32. Bd3 Kf8 33. Nf3 Qc5 34. Qxc5 Bxc5
35. Kf1 a5 36. Bb5 Re6 37. Nd2 Bb7 38. g4 Bb4 39. f3 Re7 40. Nc4 Rc7 41. Rc2 d5
42. exd5 Bxd5 43. Ne3 Rxc2 44. Nxc2 Bc5 45. Ke2 Bb3 46. Na1 Be6 47. Kd3 f5 48.
Bc4 Bc8 49. Nb3 Bb6 50. gxf5 Bxf5+ 51. Kc3 g4 52. fxg4 Bxg4 1/2-1/2

[Event "TCh-RUS Premier 2023"]
[Site "Sochi RUS"]
[Date "2023.05.02"]
[Round "2.3"]
[Board "1"]
[White "Sjugirov, Sanan"]
[Black "Paravyan, David"]
[Result "1/2-1/2"]
[WhiteTitle "GM"]
[BlackTitle "GM"]
[WhiteElo "2712"]
[BlackElo "2601"]
[WhiteTeam "Moskovskaya oblast (Moskovskaya oblast)"]
[BlackTeam "Russkaya shakhmatnaya shkola (Moskva)"]
[WhiteFideId "4189302"]
[BlackFideId "4194985"]
[EventDate "2023.05.01"]
[EventType "team"]

1. d4 Nf6 2. c4 g6 3. Nc3 d5 4. cxd5 Nxd5 5. e4 Nxc3 6. bxc3 Bg7 7. Be3 c5 8.
Rc1 O-O 9. Qd2 Nd7 10. Nf3 Nf6 11. Bd3 b5 12. e5 Nd5 1/2-1/2

[Event "TCh-RUS Premier 2023"]
[Site "Sochi RUS"]
[Date "2023.05.02"]
[Round "2.3"]
[Board "2"]
[White "Kukhmazov, Arsen"]
[Black "Khismatullin, Denis"]
[Result "1/2-1/2"]
[WhiteTitle "IM"]
[BlackTitle "GM"]
[WhiteElo "2506"]
[BlackElo "2594"]
[WhiteTeam "Russkaya shakhmatnaya shkola (Moskva)"]
[BlackTeam "Moskovskaya oblast (Moskovskaya oblast)"]
[WhiteFideId "24108260"]
[BlackFideId "4142578"]
[EventDate "2023.05.01"]
[EventType "team"]

1. d4 Nf6 2. c4 e6 3. Nf3 d5 4. g3 Bb4+ 5. Bd2 Be7 6. Bg2 O-O 7. O-O c6 8. Qc2
Nbd7 9. Bf4 a5 10. h4 b6 11. Nbd2 Bb7 12. e4 dxc4 13. Nxc4 c5 14. Rfe1 cxd4 15.
Nd6 Bxd6 16. Bxd6 Rc8 17. Qd3 Nc5 18. Qxd4 Re8 19. e5 Nfe4 20. Rad1 1/2-1/2

[Event "TCh-RUS Premier 2023"]
[Site "Sochi RUS"]
[Date "2023.05.02"]
[Round "2.3"]
[Board "3"]
[White "Goryachkina, Aleksandra"]
[Black "Shuvalova, Polina"]
[Result "1/2-1/2"]
[WhiteTitle "GM"]
[BlackTitle "IM"]
[WhiteElo "2565"]
[BlackElo "2475"]
[WhiteTeam "Moskovskaya oblast (Moskovskaya oblast)"]
[BlackTeam "Russkaya shakhmatnaya shkola (Moskva)"]
[WhiteFideId "4147103"]
[BlackFideId "24171760"]
[EventDate "2023.05.01"]
[EventType "team"]

1. d4 Nf6 2. c4 e6 3. Nc3 Bb4 4. Qc2 d5 5. a3 Bxc3+ 6. Qxc3 Nc6 7. Nf3 Ne4 8.
Qc2 e5 9. e3 exd4 10. cxd5 Qxd5 11. Bc4 Qf5 12. Bd3 Qa5+ 13. b4 Nxb4 14. axb4
Qxa1 15. O-O Nf6 16. Nxd4 Bd7 17. Bd2 Qa3 18. Rb1 O-O 19. b5 a5 20. bxa6 Ba4 21.
Qc4 b5 22. Nxb5 Bxb5 23. Qxb5 Rfd8 24. Rb3 Qa2 25. Rb2 Qa1+ 26. Rb1 Qa3 27. Rb3
Qa1+ 28. Rb1 Qa3 1/2-1/2

[Event "TCh-RUS Premier 2023"]
[Site "Sochi RUS"]
[Date "2023.05.02"]
[Round "2.3"]
[Board "4"]
[White "Grebnev, Aleksey"]
[Black "Savchenko, Boris"]
[Result "1/2-1/2"]
[WhiteTitle "IM"]
[BlackTitle "GM"]
[WhiteElo "2483"]
[BlackElo "2540"]
[WhiteTeam "Russkaya shakhmatnaya shkola (Moskva)"]
[BlackTeam "Moskovskaya oblast (Moskovskaya oblast)"]
[WhiteFideId "34189030"]
[BlackFideId "4147332"]
[EventDate "2023.05.01"]
[EventType "team"]

1. d4 d6 2. Nf3 Nf6 3. c4 g6 4. Nc3 Bf5 5. g3 Ne4 6. Nxe4 Bxe4 7. Bg2 Bg7 8. O-O
O-O 9. Be3 c5 10. Qd2 Nc6 11. d5 Bxf3 12. Bxf3 Ne5 13. Rac1 Qb6 14. Qc2 Rfb8 15.
b3 Qd8 16. Be4 a6 17. Kg2 b5 18. Rb1 a5 19. f4 Ng4 20. Bd2 b4 21. Bf3 Nf6 22. e4
Nd7 23. h4 a4 24. h5 axb3 25. axb3 Ra6 26. Qd3 Rba8 27. Rf2 Ra1 28. Rxa1 Rxa1
29. hxg6 hxg6 30. Be3 Bc3 31. Rf1 Ra2+ 32. Rf2 Ra1 33. Bd1 Kg7 34. Qc2 Qa8 35.
Bg4 Qh8 36. Bc1 Nf6 37. Bf3 Nd7 38. Bg4 Nf6 39. Bf3 Nd7 1/2-1/2

[Event "TCh-RUS Premier 2023"]
[Site "Sochi RUS"]
[Date "2023.05.02"]
[Round "2.3"]
[Board "5"]
[White "Iljiushenok, Ilia"]
[Black "Vetokhin, Savva"]
[Result "1-0"]
[WhiteTitle "GM"]
[BlackTitle "IM"]
[WhiteElo "2544"]
[BlackElo "2420"]
[WhiteTeam "Moskovskaya oblast (Moskovskaya oblast)"]
[BlackTeam "Russkaya shakhmatnaya shkola (Moskva)"]
[WhiteFideId "24105074"]
[BlackFideId "44144474"]
[EventDate "2023.05.01"]
[EventType "team"]

1. d4 Nf6 2. c4 e6 3. g3 d5 4. Bg2 dxc4 5. Nf3 Nc6 6. Qa4 Bb4+ 7. Bd2 Nd5 8. Qc2
Bxd2+ 9. Nbxd2 Nb6 10. Qc3 O-O 11. Nxc4 Nxc4 12. Qxc4 Qd5 13. Rc1 Qa5+ 14. Rc3
Qb6 15. Rc2 e5 16. d5 Nb4 17. Rd2 c6 18. d6 Be6 19. Qh4 f6 20. a3 Na6 21. O-O
Bd5 22. b4 Rad8 23. Bh3 g6 24. e4 Bc4 25. Rc1 Qb5 26. Qh6 Bf7 27. d7 Nb8 28. Kg2
c5 29. Rxc5 Qa4 30. Rc8 Nxd7 31. Bxd7 Qxa3 32. Rxd8 Rxd8 33. Be6 Rxd2 34. Bxf7+
Kxf7 35. Qxd2 Ke7 36. Qh6 Qxb4 37. Qxh7+ Kf8 38. Qxg6 Qe7 39. Nh4 a5 40. Nf5 Qf7
41. Qxf7+ 1-0

[Event "TCh-RUS Premier 2023"]
[Site "Sochi RUS"]
[Date "2023.05.02"]
[Round "2.3"]
[Board "6"]
[White "Nesterov, Arseniy"]
[Black "Smirnov, Pavel"]
[Result "1/2-1/2"]
[WhiteTitle "GM"]
[BlackTitle "GM"]
[WhiteElo "2562"]
[BlackElo "2545"]
[WhiteTeam "Russkaya shakhmatnaya shkola (Moskva)"]
[BlackTeam "Moskovskaya oblast (Moskovskaya oblast)"]
[WhiteFideId "24198455"]
[BlackFideId "4123425"]
[EventDate "2023.05.01"]
[EventType "team"]

1. d4 Nf6 2. Nf3 d5 3. Bf4 Bf5 4. c4 e6 5. Qb3 Nc6 6. c5 Qc8 7. h3 Be7 8. e3 O-O
9. Bb5 Nd8 10. Ne5 c6 11. Be2 b6 12. cxb6 Rb8 13. O-O Rxb6 14. Qc3 Qb7 15. b3 c5
16. Nd2 cxd4 17. Qxd4 Nc6 18. Qb2 Nd7 19. Nxd7 Qxd7 20. Rac1 Bf6 21. Qa3 e5 22.
Bg3 Nb4 23. Nf3 Bd3 24. Bxd3 Nxd3 25. Rc3 Be7 26. Qa4 Qxa4 27. bxa4 e4 28. Nd4
Ra6 29. Rc7 Bf6 30. Rb1 Rxa4 31. Bd6 Re8 32. a3 h5 33. Rbb7 Bxd4 34. exd4 Re6
35. Rxf7 Rxd6 36. Rxg7+ Kf8 37. Rgc7 Rd8 38. Rf7+ Kg8 39. Rg7+ Kh8 40. Rh7+ Kg8
41. Rhg7+ 1/2-1/2

[Event "TCh-RUS Premier 2023"]
[Site "Sochi RUS"]
[Date "2023.05.02"]
[Round "2.4"]
[Board "1"]
[White "Inarkiev, Ernesto"]
[Black "Chekhov, Sergei"]
[Result "1-0"]
[WhiteTitle "GM"]
[BlackTitle "IM"]
[WhiteElo "2661"]
[BlackElo "2453"]
[WhiteTeam "Shakhmatnaya sbornaya Moskvy (Moskva)"]
[BlackTeam "Inleksis (Voronezhskaya oblast)"]
[WhiteFideId "4162722"]
[BlackFideId "4195639"]
[EventDate "2023.05.01"]
[EventType "team"]

1. Nf3 Nf6 2. c4 c5 3. Nc3 Nc6 4. e3 e6 5. d4 d5 6. cxd5 exd5 7. Bb5 cxd4 8.
exd4 Be7 9. O-O O-O 10. Bxc6 bxc6 11. Ne5 Bb7 12. Na4 c5 13. Nxc5 Bxc5 14. dxc5
d4 15. Re1 Re8 16. c6 Ba6 17. Qa4 Qb6 18. Bd2 Qxb2 19. Qxa6 Qxd2 20. Qb7 Rac8
21. Qxf7+ Kh8 22. Qb3 h6 23. Red1 Qe2 24. Nf7+ Kh7 25. Nd6 Ne4 26. Nxc8 Qxf2+
27. Kh1 Qf4 28. Rf1 Qh4 29. Nxa7 Nc3 30. c7 1-0

[Event "TCh-RUS Premier 2023"]
[Site "Sochi RUS"]
[Date "2023.05.02"]
[Round "2.4"]
[Board "2"]
[White "Rodin, Dmitrij"]
[Black "Riazantsev, Alexander"]
[Result "1-0"]
[WhiteTitle "IM"]
[BlackTitle "GM"]
[WhiteElo "2325"]
[BlackElo "2626"]
[WhiteTeam "Inleksis (Voronezhskaya oblast)"]
[BlackTeam "Shakhmatnaya sbornaya Moskvy (Moskva)"]
[WhiteFideId "4127412"]
[BlackFideId "4125029"]
[EventDate "2023.05.01"]
[EventType "team"]

1. e4 e5 2. Nf3 Nc6 3. Bb5 a6 4. Ba4 Nf6 5. O-O Be7 6. Bxc6 dxc6 7. d3 Nd7 8.
Nbd2 b5 9. Nb3 a5 10. a4 b4 11. d4 exd4 12. Nfxd4 Bb7 13. Bf4 O-O 14. Nf5 Bf6
15. Qg4 Ne5 16. Qg3 Qe8 17. Nc5 Bc8 18. Rfe1 Kh8 19. Rad1 g6 20. b3 Nd7 21. e5
Nxc5 22. exf6 Bxf5 23. Rxe8 Rfxe8 24. h4 Ne4 25. Qf3 h5 26. Bxc7 Kh7 27. Rd4 Re6
28. Bd8 Nxf6 29. Bxf6 Rxf6 30. Rc4 Ra6 31. Rc5 Kg7 32. Qg3 Kh7 33. Qb8 1-0

[Event "TCh-RUS Premier 2023"]
[Site "Sochi RUS"]
[Date "2023.05.02"]
[Round "2.4"]
[Board "3"]
[White "Grachev, Boris"]
[Black "Klimentov, Evgeny"]
[Result "1-0"]
[WhiteTitle "GM"]
[BlackTitle "FM"]
[WhiteElo "2595"]
[BlackElo "2305"]
[WhiteTeam "Shakhmatnaya sbornaya Moskvy (Moskva)"]
[BlackTeam "Inleksis (Voronezhskaya oblast)"]
[WhiteFideId "4129199"]
[BlackFideId "24128899"]
[EventDate "2023.05.01"]
[EventType "team"]

1. Nf3 Nf6 2. c4 e6 3. g3 b6 4. Bg2 Bb7 5. d4 Be7 6. O-O O-O 7. Re1 Na6 8. h4 h6
9. Nc3 Ne4 10. Qc2 Nxc3 11. bxc3 f5 12. e4 Bxe4 13. Rxe4 fxe4 14. Qxe4 Bf6 15.
Bf1 Nc5 16. dxc5 Bxc3 17. Rb1 Qf6 18. Bf4 bxc5 19. Bd3 Qf5 20. Qxf5 exf5 21. Rb7
Ba5 22. Bxc7 Bxc7 23. Rxc7 d6 24. Rc6 Rad8 25. h5 f4 26. g4 Rfe8 27. Nh4 Re1+
28. Kg2 a5 29. Bg6 Re7 30. Kf3 Red7 31. Be4 Kf7 32. Ra6 Kf6 33. Kxf4 Rb8 34. Bc6
Re7 35. Bd5 Re2 36. Rxd6+ Ke7 37. Nf5+ Kf8 38. f3 Rxa2 39. Rd7 a4 40. Rf7+ Ke8
41. Nd6+ Kd8 42. Be6 1-0

[Event "TCh-RUS Premier 2023"]
[Site "Sochi RUS"]
[Date "2023.05.02"]
[Round "2.4"]
[Board "4"]
[White "Popov, Maksim"]
[Black "Popov, Ivan RUS"]
[Result "1/2-1/2"]
[WhiteTitle "FM"]
[BlackTitle "GM"]
[WhiteElo "2338"]
[BlackElo "2627"]
[WhiteTeam "Inleksis (Voronezhskaya oblast)"]
[BlackTeam "Shakhmatnaya sbornaya Moskvy (Moskva)"]
[WhiteFideId "54123968"]
[BlackFideId "4170350"]
[EventDate "2023.05.01"]
[EventType "team"]

1. e4 c5 2. Nf3 e6 3. c4 Nc6 4. d4 cxd4 5. Nxd4 Nf6 6. Nc3 Bb4 7. Nxc6 bxc6 8.
Bd3 e5 9. O-O Bc5 10. h3 d6 11. Re1 Rb8 12. Rb1 O-O 13. Be3 Nd7 14. Qd2 Qc7 15.
Be2 Bxe3 16. Qxe3 Nc5 17. Bg4 a5 18. b3 g6 19. Na4 Nxa4 20. bxa4 Ba6 21. c5 Rxb1
22. Rxb1 d5 23. Rb6 Bc8 24. Bxc8 Rxc8 25. exd5 cxd5 26. Rd6 Re8 27. Rxd5 Re6 28.
Qd2 h5 29. Qc3 Kh7 30. Qd3 Kg7 31. Qb5 Qc6 32. Rd8 Qe4 33. Qxa5 Qb1+ 34. Kh2
Qxa2 35. Rd2 Qc4 36. Rd6 1/2-1/2

[Event "TCh-RUS Premier 2023"]
[Site "Sochi RUS"]
[Date "2023.05.02"]
[Round "2.4"]
[Board "5"]
[White "Demidov, Mikhail"]
[Black "Kuzminykh, Nikita"]
[Result "1-0"]
[WhiteTitle "GM"]
[WhiteElo "2583"]
[BlackElo "2063"]
[WhiteTeam "Shakhmatnaya sbornaya Moskvy (Moskva)"]
[BlackTeam "Inleksis (Voronezhskaya oblast)"]
[WhiteFideId "4197143"]
[BlackFideId "54150540"]
[EventDate "2023.05.01"]
[EventType "team"]

1. Nf3 d5 2. g3 e6 3. c4 c6 4. b3 Nf6 5. Bg2 Be7 6. O-O O-O 7. Bb2 Nbd7 8. Qc2
b6 9. d3 Bb7 10. e4 Rc8 11. Nbd2 Qc7 12. e5 Ne8 13. Rfe1 Qb8 14. h4 c5 15. Re2
Qa8 16. Rf1 Nc7 17. Ng5 h6 18. Nh3 b5 19. f4 Nb6 20. h5 bxc4 21. dxc4 dxc4 22.
bxc4 Bxg2 23. Rxg2 Qc6 24. g4 Qa4 25. Qc1 Rcd8 26. f5 Rd3 27. f6 Rxh3 28. fxe7
Re8 29. g5 hxg5 30. Ne4 Rxh5 31. Rxg5 Rh6 32. Rg4 Kh8 33. Rxf7 Qxc4 34. Qxh6+
gxh6 35. Rf8+ Kh7 36. Nf6# 1-0

[Event "TCh-RUS Premier 2023"]
[Site "Sochi RUS"]
[Date "2023.05.02"]
[Round "2.4"]
[Board "6"]
[White "Rudakov, Sergey S."]
[Black "Makarian, Rudik"]
[Result "0-1"]
[BlackTitle "IM"]
[WhiteElo "1992"]
[BlackElo "2547"]
[WhiteTeam "Inleksis (Voronezhskaya oblast)"]
[BlackTeam "Shakhmatnaya sbornaya Moskvy (Moskva)"]
[WhiteFideId "44111533"]
[BlackFideId "44105681"]
[EventDate "2023.05.01"]
[EventType "team"]

1. e4 c5 2. Nf3 d6 3. d4 cxd4 4. Nxd4 Nf6 5. f3 e5 6. Nb3 a5 7. a4 Nc6 8. Bb5
Be7 9. c4 O-O 10. Be3 Ne8 11. Nc3 Bh4+ 12. g3 Bg5 13. Bf2 Bh3 14. Nd5 f5 15. Bb6
Qd7 16. Be3 Bxe3 17. Nxe3 f4 18. gxf4 exf4 19. Nd5 Bg2 20. Rg1 Qh3 21. Kf2 Bxf3
22. Qxf3 Qh4+ 23. Kf1 Ne5 24. Qg2 f3 25. Qg5 Qh3+ 26. Kf2 Qxh2+ 0-1

[Event "TCh-RUS Premier 2023"]
[Site "Sochi RUS"]
[Date "2023.05.02"]
[Round "2.5"]
[Board "1"]
[White "Dubov, Daniil"]
[Black "Lobanov, Sergei"]
[Result "1-0"]
[WhiteTitle "GM"]
[BlackTitle "GM"]
[WhiteElo "2708"]
[BlackElo "2536"]
[WhiteTeam "SK KPRF (Moskva)"]
[BlackTeam "SShOR po shakhmatam i shashkam (Sankt-Peterbu"]
[WhiteFideId "24126055"]
[BlackFideId "24183750"]
[EventDate "2023.05.01"]
[EventType "team"]

1. d4 Nf6 2. c4 e6 3. Nf3 d5 4. g3 Be7 5. Bg2 O-O 6. Bf4 dxc4 7. Qa4 c5 8. dxc5
Nbd7 9. Qxc4 Nxc5 10. Nc3 b5 11. Nxb5 Ba6 12. Nfd4 Rc8 13. O-O Nd5 14. Bxd5 exd5
15. Qc2 Ne6 16. Qd2 Nxf4 17. Qxf4 Bxb5 18. Nxb5 Rc2 19. Qf3 Rxb2 20. Rfb1 Rxb1+
21. Rxb1 Qd7 22. Nc3 d4 23. Rb7 Qe6 24. Nd5 Bc5 25. a4 Rd8 26. Nf4 Qf6 27. Kg2
g6 28. a5 a6 29. Nd3 Qxf3+ 30. Kxf3 Rc8 31. Ke4 Kf8 32. Kd5 Be7 33. Ra7 Rc2 34.
Rxa6 Rxe2 35. Rb6 Ra2 36. a6 Ra4 37. Kc6 Ra3 38. Kb7 Bd8 39. Rb4 Rxd3 40. a7 Ra3
41. Rxd4 Bf6 42. Rd5 Ke7 43. a8=Q Rxa8 44. Kxa8 Ke6 45. Rd3 h5 46. Kb7 g5 47.
Kc6 Be5 48. Re3 Kf5 49. Kd5 f6 50. Re4 g4 51. Rb4 Bc7 52. Rb7 Ba5 53. Kd4 Be1
54. Rb5+ Kg6 55. Ke3 Bc3 56. Kd3 Be5 57. Ke4 Bc3 58. Rb1 Ba5 59. Rb3 Bc7 60. Rb5
Bd6 61. Kd5 Be5 62. Ke6 Bd4 63. Rf5 Bb2 64. Rf4 Bc3 65. Rc4 Be1 66. Rc2 Kg5 67.
Rc8 Bxf2 68. Rg8+ Kh6 69. Kxf6 Bd4+ 70. Kf5 Kh7 71. Rg5 Kh6 72. Rg6+ Kh7 73. Ke4 1-0

[Event "TCh-RUS Premier 2023"]
[Site "Sochi RUS"]
[Date "2023.05.02"]
[Round "2.5"]
[Board "2"]
[White "Shubin, Kirill"]
[Black "Malakhov, Vladimir"]
[Result "1/2-1/2"]
[WhiteTitle "IM"]
[BlackTitle "GM"]
[WhiteElo "2447"]
[BlackElo "2650"]
[WhiteTeam "SShOR po shakhmatam i shashkam (Sankt-Peterbu"]
[BlackTeam "SK KPRF (Moskva)"]
[WhiteFideId "34119962"]
[BlackFideId "4120787"]
[EventDate "2023.05.01"]
[EventType "team"]

1. e4 e5 2. Nf3 Nc6 3. Bb5 Nf6 4. O-O Nxe4 5. d4 Nd6 6. dxe5 Nxb5 7. a4 d6 8. e6
Bxe6 9. axb5 Ne5 10. Nd4 Be7 11. f4 Nc4 12. Qe2 Nb6 13. Re1 Bf6 14. Nxe6 fxe6
15. Qxe6+ Qe7 16. Qxe7+ Bxe7 17. g4 Kd7 18. Kg2 g6 19. Nc3 Rhe8 20. g5 d5 21.
Be3 Bb4 22. Bxb6 Rxe1 23. Rxe1 Bxc3 24. bxc3 cxb6 25. f5 gxf5 26. Re5 Rg8 27. h4
h6 28. Rxf5 hxg5 29. Rxd5+ Ke6 30. Rxg5 Rxg5+ 31. hxg5 Kf5 32. Kf3 a5 33. bxa6
bxa6 34. c4 a5 35. Ke3 Kxg5 36. Kd4 Kf6 37. c5 bxc5+ 38. Kxc5 Ke5 39. c4 a4 40.
Kb4 Kd4 41. Kxa4 Kxc4 1/2-1/2

[Event "TCh-RUS Premier 2023"]
[Site "Sochi RUS"]
[Date "2023.05.02"]
[Round "2.5"]
[Board "3"]
[White "Dreev, Aleksey"]
[Black "Zubritskiy, Artyom"]
[Result "1-0"]
[WhiteTitle "GM"]
[BlackTitle "IM"]
[WhiteElo "2606"]
[BlackElo "2438"]
[WhiteTeam "SK KPRF (Moskva)"]
[BlackTeam "SShOR po shakhmatam i shashkam (Sankt-Peterbu"]
[WhiteFideId "4100107"]
[BlackFideId "4181247"]
[EventDate "2023.05.01"]
[EventType "team"]

1. d4 d5 2. Nf3 Nf6 3. c4 dxc4 4. e3 e6 5. Bxc4 c5 6. O-O Nc6 7. Nc3 a6 8. d5
Na5 9. b3 b5 10. Bd3 Nxd5 11. Nxd5 exd5 12. Bb2 Be6 13. Ne5 Bd6 14. Qh5 Qc7 15.
Nf3 O-O-O 16. Bxg7 Rhg8 17. Bf6 Be7 18. Bxe7 Qxe7 19. b4 cxb4 20. Nd4 Kb7 21.
Be2 Nc4 22. Rfd1 Qf6 23. Rab1 Ne5 24. g3 Rg5 25. Qh4 Ng6 26. Qh6 Bg4 27. Bxg4
Rxg4 28. Rxb4 Rg8 29. Qh5 Rg5 30. Qf3 Qe7 31. Rdb1 Nh4 32. Qe2 Qe4 33. Rxb5+
axb5 34. Qxb5+ Kc7 35. Qc6+ Kd8 36. Qd6+ 1-0

[Event "TCh-RUS Premier 2023"]
[Site "Sochi RUS"]
[Date "2023.05.02"]
[Round "2.5"]
[Board "4"]
[White "Vlasenko, Miroslav"]
[Black "Potkin, Vladimir"]
[Result "1-0"]
[WhiteTitle "IM"]
[BlackTitle "GM"]
[WhiteElo "2358"]
[BlackElo "2574"]
[WhiteTeam "SShOR po shakhmatam i shashkam (Sankt-Peterbu"]
[BlackTeam "SK KPRF (Moskva)"]
[WhiteFideId "4151887"]
[BlackFideId "4131061"]
[EventDate "2023.05.01"]
[EventType "team"]

1. d4 Nf6 2. Bg5 d5 3. e3 c5 4. Bxf6 gxf6 5. dxc5 e6 6. c4 dxc4 7. Qc2 Bxc5 8.
Bxc4 Nd7 9. Nf3 a6 10. Nbd2 b5 11. Bd3 Be7 12. Be4 Ra7 13. Nd4 Ne5 14. Rc1 Bd7
15. O-O f5 16. N2f3 Nxf3+ 17. Bxf3 O-O 18. Nc6 Bxc6 19. Qxc6 Qa5 20. e4 fxe4 21.
Bxe4 Bf6 22. Qc5 Rd7 23. Bxh7+ Kg7 24. Rc4 Rd4 25. Rxd4 Bxd4 26. Qxd4+ Kxh7 27.
Qh4+ Kg6 28. Qg4+ Kf6 29. Rd1 Rc8 30. Qf4+ Kg6 31. h4 Qc7 32. Qg5+ Kh7 33. Qh5+
Kg7 34. Rd3 Qf4 35. g3 Qf5 36. Qxf5 exf5 37. a3 f4 38. g4 f5 39. Rd7+ Kf6 40.
g5+ Kg6 41. Kg2 Rc2 42. Rd6+ 1-0

[Event "TCh-RUS Premier 2023"]
[Site "Sochi RUS"]
[Date "2023.05.02"]
[Round "2.5"]
[Board "5"]
[White "Alekseev, Evgeny"]
[Black "Saveliev, Alexei"]
[Result "1-0"]
[WhiteTitle "GM"]
[BlackTitle "IM"]
[WhiteElo "2564"]
[BlackElo "2385"]
[WhiteTeam "SK KPRF (Moskva)"]
[BlackTeam "SShOR po shakhmatam i shashkam (Sankt-Peterbu"]
[WhiteFideId "4138147"]
[BlackFideId "24128546"]
[EventDate "2023.05.01"]
[EventType "team"]

1. e4 c5 2. Nf3 a6 3. c3 d5 4. exd5 Qxd5 5. d4 Nf6 6. Be2 e6 7. O-O Nc6 8. c4
Qd8 9. dxc5 Qxd1 10. Rxd1 Bxc5 11. Nc3 Bd7 12. a3 O-O-O 13. b4 Ba7 14. Bb2 Rhe8
15. Rac1 e5 16. Ng5 Rf8 17. c5 Bf5 18. Bc4 Bg6 19. Rxd8+ Kxd8 20. Nd5 Nxd5 21.
Bxd5 Bb8 22. f4 h6 23. Nf3 f6 24. Rd1 Ke7 25. fxe5 fxe5 26. Re1 Kf6 27. Bxc6
bxc6 28. Bxe5+ Bxe5 29. Nxe5 Rc8 30. Nxg6 Kxg6 31. Kf2 a5 32. Ke3 axb4 33. axb4
Rb8 34. Rb1 Kf5 35. Kd4 Ke6 36. Kc4 Rf8 37. Rd1 Rf4+ 38. Rd4 Rf2 39. Rd6+ Ke7
40. Rg6 Kf7 41. Rxc6 Rxg2 42. b5 Rxh2 43. b6 Rb2 44. Rc7+ Kf6 45. b7 1-0

[Event "TCh-RUS Premier 2023"]
[Site "Sochi RUS"]
[Date "2023.05.02"]
[Round "2.5"]
[Board "6"]
[White "Shchukin, Maksim"]
[Black "Afanasiev, Nikita"]
[Result "0-1"]
[WhiteTitle "FM"]
[BlackTitle "GM"]
[WhiteElo "2371"]
[BlackElo "2530"]
[WhiteTeam "SShOR po shakhmatam i shashkam (Sankt-Peterbu"]
[BlackTeam "SK KPRF (Moskva)"]
[WhiteFideId "34126624"]
[BlackFideId "24183555"]
[EventDate "2023.05.01"]
[EventType "team"]

1. e4 e5 2. Nf3 Nc6 3. Bb5 a6 4. Ba4 Nf6 5. O-O b5 6. Bb3 Bc5 7. d3 d6 8. c3 O-O
9. Re1 h6 10. Nbd2 Be6 11. Nf1 d5 12. exd5 Nxd5 13. Nxe5 Bxf2+ 14. Kxf2 Nxe5 15.
Kg1 Qf6 16. d4 Nc4 17. Nd2 Rfe8 18. Nxc4 bxc4 19. Bxc4 Nxc3 20. bxc3 Bxc4 21.
Qd2 Rxe1+ 22. Qxe1 Qc6 23. Be3 Re8 24. Qd2 Re6 25. Re1 Bd5 26. Re2 Qc4 27. h3
Rc6 28. Bf4 Qxc3 29. Qxc3 Rxc3 30. h4 Rc4 31. Rd2 Kh7 32. Kf2 c6 33. Bd6 Kg6 34.
Bf8 a5 35. a3 Rc3 36. h5+ Kxh5 37. Bxg7 Rxa3 38. Bf8 Ra1 39. Ke3 a4 40. Kf4 a3
41. Rd3 Rf1+ 42. Ke5 f6+ 0-1

[Event "TCh-RUS Premier 2023"]
[Site "Sochi RUS"]
[Date "2023.05.03"]
[Round "3.1"]
[Board "1"]
[White "Lobanov, Sergei"]
[Black "Artemiev, Vladislav"]
[Result "1/2-1/2"]
[WhiteTitle "GM"]
[BlackTitle "GM"]
[WhiteElo "2536"]
[BlackElo "2701"]
[WhiteTeam "SShOR po shakhmatam i shashkam (Sankt-Peterbu"]
[BlackTeam "Ladya (Respublika Tatarstan)"]
[WhiteFideId "24183750"]
[BlackFideId "24101605"]
[EventDate "2023.05.01"]
[EventType "team"]

1. d4 d5 2. c4 c6 3. Nf3 Nf6 4. e3 e6 5. b3 Nbd7 6. Bd3 Bb4+ 7. Nbd2 Bc3 8. Rb1
e5 9. Qc2 Bxd2+ 10. Nxd2 exd4 11. exd4 Qe7+ 12. Kf1 O-O 13. Bb2 Re8 14. Nf3 Nf8
15. Re1 Ne4 16. h4 Bf5 17. g3 Qf6 18. Kg2 Nd6 19. Bxf5 Qxf5 20. Qxf5 Nxf5 21. g4
Nd6 22. Ba3 Ne4 23. Bxf8 Kxf8 24. cxd5 cxd5 25. Ne5 f6 26. Nd7+ Kf7 27. Nc5 Nd6
28. f3 Rxe1 29. Rxe1 Rc8 30. Kf2 b6 31. Nd3 Nb5 32. Nb4 Nxd4 33. Rd1 Ne6 34.
Rxd5 a5 35. Nd3 Rc2+ 36. Ke3 Ke7 37. Nf4 Nc7 38. Rd2 Rxd2 39. Kxd2 Kd6 40. Nh5
Ne8 41. Ke3 Kc5 42. Nf4 Nc7 43. Nd3+ Kd6 44. Kd4 Nb5+ 45. Kc4 Na3+ 46. Kd4 g6
47. h5 Nb5+ 48. Kc4 Na3+ 49. Kd4 Nb5+ 1/2-1/2

[Event "TCh-RUS Premier 2023"]
[Site "Sochi RUS"]
[Date "2023.05.03"]
[Round "3.1"]
[Board "2"]
[White "Timofeev, Artyom"]
[Black "Shubin, Kirill"]
[Result "1/2-1/2"]
[WhiteTitle "GM"]
[BlackTitle "IM"]
[WhiteElo "2567"]
[BlackElo "2447"]
[WhiteTeam "Ladya (Respublika Tatarstan)"]
[BlackTeam "SShOR po shakhmatam i shashkam (Sankt-Peterbu"]
[WhiteFideId "4140419"]
[BlackFideId "34119962"]
[EventDate "2023.05.01"]
[EventType "team"]

1. e4 e6 2. d4 d5 3. Nd2 h6 4. a4 c5 5. dxc5 Bxc5 6. Nb3 Bb6 7. a5 Bc7 8. exd5
Qxd5 9. Qxd5 exd5 10. Bb5+ Bd7 11. Bxd7+ Nxd7 12. Ne2 Ngf6 13. Bf4 Rc8 14. O-O-O
O-O 15. Rhe1 Nc5 16. Nxc5 Bxf4+ 17. Nxf4 Rxc5 18. Re7 Rxa5 19. Rxb7 Re8 1/2-1/2